000 00490cam a22001934a 4500
005 20250605163608.0
008 250528s ||||||||||||||||||||||||d
035 _a22423
020 _a9789602868805
040 _aGR-AtMCL
_bgre
_dGR-AtMCL
_eAACR2
245 1 _aΜΑΘΗΜΑΤΑ ΔΗΜΟΣΙΟΓΡΑΦΙΑΣ
250 _a1
260 _bΈλλην,
_c2005
300 _a122
700 1 _aΧρυσανθου Χρυσανθος
942 _cBK
999 _c7475
_d7475